000 00741cam a2200253 a 4500
001 546980
003 OSt
005 20241029171104.0
008 880219s1988 maua 001 0 eng
010 _a 88003838
020 _a1555581110
_c$42.00
040 _aDLC
_cmust
_dDLC
050 0 0 _aTK5105
_b.M33 1988
082 0 0 _a629.3 MCN 1998
_220
100 1 _aMcNamara, John E.
_919295
245 1 0 _aTechnical aspects of data communication /
_cJohn E. McNamara.
250 _a3rd ed.
260 _aRockport, MA :
_bDigital Press,
_cc1988.
300 _axi, 383 p. :
_bill. ;
_c24 cm.
500 _aIncludes index.
650 0 _aData transmission systems.
_9695
906 _a7
_bcbc
_corignew
_d1
_eocip
_f19
_gy-gencatlg
942 _2ddc
_cB_BANK
999 _c9461
_d9461